| 000 | 00760 a2200253 4500 | ||
|---|---|---|---|
| 001 | 21048 | ||
| 999 |
_c21048 _d7727 |
||
| 003 | TR-AnTOB | ||
| 005 | 20210419102139.0 | ||
| 008 | 041102s1995 tu tur | ||
| 020 | _a975100907 | ||
| 041 | _atur | ||
| 050 |
_aGV1445 _b.D35 1995 |
||
| 090 | _aGV1445 .D35 1995 | ||
| 100 |
_aDalkıran, H. Sertaç _914057 |
||
| 245 | 0 |
_aSatranç eğitim metodu / _cH. Sertaç Dalkıran. |
|
| 264 | 1 |
_aİstanbul : _bİnkılap Kitabevi, _c1995 |
|
| 300 |
_a283 p. : _bill. ; _c20 cm. |
||
| 490 | 0 |
_aİstanbul : İnkılap Kitabevi. _aYeni Santraç Yayınları Serisi; 11 |
|
| 590 | _aSayın Celil Güngör tarafından bağışlanmıştır. | ||
| 650 | 7 |
_aSatranç _2etuturkob _914058 |
|
| 902 | _a0003854,0028147 | ||
| 903 | _aMerkez Kütüphane. | ||
| 942 | _cBK | ||